The Life and times of Louis xiv (Record no. 130219)
[ view plain ]
| 000 -LEADER | |
|---|---|
| fixed length control field | 00559nam a22001817a 4500 |
| 008 - FIXED-LENGTH DATA ELEMENTS--GENERAL INFORMATION | |
| fixed length control field | 200130b ||||| |||| 00| 0 eng d |
| 050 ## - LIBRARY OF CONGRESS CALL NUMBER | |
| Classification number | L. Dc125.P192 1968 |
| 100 ## - MAIN ENTRY--PERSONAL NAME | |
| Personal name | Panicucci, Alfredo |
| 9 (RLIN) | 49159 |
| 245 ## - TITLE STATEMENT | |
| Title | The Life and times of Louis xiv |
| Statement of responsibility, etc | Alfredo Panicucci |
| 250 ## - EDITION STATEMENT | |
| Edition statement | Rev. ed. |
| 260 ## - PUBLICATION, DISTRIBUTION, ETC. (IMPRINT) | |
| Place of publication, distribution, etc | Middlesex |
| Name of publisher, distributor, etc | Paul Hamlyn |
| Date of publication, distribution, etc | 1968 |
| 300 ## - PHYSICAL DESCRIPTION | |
| Extent | 75p. ; |
| Dimensions | 29cm. |
| 440 ## - SERIES STATEMENT/ADDED ENTRY--TITLE | |
| Title | Portraits of greatness |
| 9 (RLIN) | 49160 |
| 600 ## - SUBJECT ADDED ENTRY--PERSONAL NAME | |
| Personal name | Louis xiv |
| 9 (RLIN) | 49001 |
| 651 ## - SUBJECT ADDED ENTRY--GEOGRAPHIC NAME | |
| Geographic name | France |
| General subdivision | History |
| -- | Louis xiv |
| 9 (RLIN) | 49161 |
| 700 ## - ADDED ENTRY--PERSONAL NAME | |
| Personal name | Richards C.J. (tr.) |
| 9 (RLIN) | 49162 |
| 942 ## - ADDED ENTRY ELEMENTS (KOHA) | |
| Source of classification or shelving scheme | Library of Congress Classification |
| Item type | Monograph ( Printed materials) |
| Withdrawn status | Lost status | Source of classification or shelving scheme | Damaged status | Not for loan | Collection code | Home library | Current library | Shelving location | Date acquired | Total Checkouts | Full call number | Barcode | Date last seen | Price effective from | Koha item type |
|---|---|---|---|---|---|---|---|---|---|---|---|---|---|---|---|
| Library of Congress Classification | Main Collection | ARRUPE LIBRARY | ARRUPE LIBRARY | Main Collection | 30/01/2020 | L. DC125.P192 1968 | 46600006666 | 30/01/2020 | 30/01/2020 | Monograph ( Printed materials) |